BUSINESS CORPORATION (Record no. 2033)
[ view plain ]
| 000 -LEADER | |
|---|---|
| fixed length control field | 00341nam a2200157Ia 4500 |
| 003 - CONTROL NUMBER IDENTIFIER | |
| control field | OSt |
| 005 - DATE AND TIME OF LATEST TRANSACTION | |
| control field | 20240409095257.0 |
| 008 - FIXED-LENGTH DATA ELEMENTS--GENERAL INFORMATION | |
| fixed length control field | 170524s9999 xx 000 0 und d |
| 020 ## - INTERNATIONAL STANDARD BOOK NUMBER | |
| International Standard Book Number | NIL |
| 022 ## - INTERNATIONAL STANDARD SERIAL NUMBER | |
| Source | NIL |
| 040 ## - CATALOGING SOURCE | |
| Transcribing agency | IIMT UNIVERSITY |
| 100 ## - MAIN ENTRY--PERSONAL NAME | |
| Personal name | SHARMA |
| 245 #0 - TITLE STATEMENT | |
| Title | BUSINESS CORPORATION |
| 260 ## - PUBLICATION, DISTRIBUTION, ETC. | |
| Place of publication, distribution, etc. | TATA MC GRAW HILL |
| 942 ## - ADDED ENTRY ELEMENTS (KOHA) | |
| Source of classification or shelving scheme | |
| Koha item type | Book Bank |
| Withdrawn status | Lost status | Source of classification or shelving scheme | Damaged status | Not for loan | Home library | Current library | Date acquired | Barcode | Date last seen | Uniform Resource Identifier | Price effective from | Koha item type | Total Checkouts | Date last checked out | Public note |
|---|---|---|---|---|---|---|---|---|---|---|---|---|---|---|---|
| IIMT University Central Library Meerut | IIMT University Central Library Meerut | 05/30/2017 | 01-B-9846 | 05/30/2017 | management | 05/30/2017 | Book Bank | ||||||||
| IIMT University Central Library Meerut | IIMT University Central Library Meerut | 05/30/2017 | 01-B-9847 | 01/09/2020 | management | 05/30/2017 | Book Bank | 1 | 11/14/2019 | ||||||
| IIMT University Central Library Meerut | IIMT University Central Library Meerut | 05/30/2017 | 01-B-9848 | 05/30/2017 | management | 05/30/2017 | Book Bank | ||||||||
| IIMT University Central Library Meerut | IIMT University Central Library Meerut | 05/30/2017 | 01-B-9849 | 05/30/2017 | management | 05/30/2017 | Book Bank | ||||||||
| IIMT University Central Library Meerut | IIMT University Central Library Meerut | 05/30/2017 | 01-B-9850 | 05/30/2017 | management | 05/30/2017 | Book Bank | ||||||||
| IIMT University Central Library Meerut | IIMT University Central Library Meerut | 05/30/2017 | 01-B-9851 | 05/30/2017 | management | 05/30/2017 | Book Bank | ||||||||
| IIMT University Central Library Meerut | IIMT University Central Library Meerut | 05/30/2017 | 01-B-9852 | 05/30/2017 | management | 05/30/2017 | Book Bank | management departmental library books update march 2019 | |||||||
| IIMT University Central Library Meerut | IIMT University Central Library Meerut | 05/30/2017 | 01-B-9853 | 05/30/2017 | management | 05/30/2017 | Book Bank | ||||||||
| IIMT University Central Library Meerut | IIMT University Central Library Meerut | 05/30/2017 | 01-B-9854 | 05/30/2017 | management | 05/30/2017 | SAMS ISSUE RECORD | IN MBA 072 SAMS ISSUE DATA | |||||||
| IIMT University Central Library Meerut | IIMT University Central Library Meerut | 05/30/2017 | 01-B-9855 | 05/30/2017 | management | 05/30/2017 | Book Bank |

